000 00666nam a2200229Ia 4500
005 20220202173158.0
008 210716s2009 xx 000 0 und d
020 _a9788174467461
040 _cAIMIT LIBRARY
041 _aeng
082 _a657.48
_23
_bGOYV
100 _aGoyal, V K.
_915990
245 _aFinancial accounting /
_cBy V K Goyal
250 _a3rd ed.
260 _aNew Delhi :
_bExcel Books ,
_c2009.
300 _axviii, 627p ;
_c24 cm.
650 _aFinance Accounting
_915991
650 _aAccounting Process
_915992
650 _aConsignment Account
_915993
650 _aJoint Venture Accounts
_915994
942 _2ddc
_cBK
_e3rd
_k657.48 GOYV
999 _c205892
_d205892